000 01467nam a22002417a 4500
999 _c58767
_d58767
003 Ge_BSU
005 20220719151929.0
008 220719s2020ge xxu||||| |||| 00| 0 geo d
020 _a9789941829536
041 _ageo
080 _a929(479.22) ჯ-21
100 _aჯანელიძე, ოთარ.
_91743
245 _aზუბალაშვილები, დავით სარაჯიშვილი, აკაკი ხოშტარია, მიტროფანე ლაღიძე და სხვანი... /
_cოთარ ჯანელიძე, რედ. პაატა ნაცვლიშვილი, დიზ. ელენე ვარამაშვილი.
264 _aთბილისი :
_bალტერნატიული მედია საშუალება,
_c2020.
300 _a432 გვ. :
_b ილ. ;
_c21 სმ.
504 _aბიბლიოგრაფია ტექსტის შენიშვნებში.
653 _aგამოჩენილ ქართველ ადამიანთა ბიოგრაფიები.
653 _aქართველი ქველმოქმედები.
700 _aნაცვლიშვილი, პაატა
_eრედაქტორი
_914447
700 _aვარამაშვილი. ელენე
_eდიზაინი
_95082
773 _tნაჩუქარი
942 _2udc
_cBK